Datum a čas kvízu
19.5
Celkem bodů
Celkový počet nahraných bodů na tomto kvízu bez doplňovacích otázek.
9.
Pořadí na kvízu
Konečné umístění týmu na tomto kvízu.
Zaznamenané odpovědi
| # | Otázka | Odpověď | Body | Výsledky |
|---|---|---|---|---|
| 1. | Jak se jmenuje první dítě roku... | 1 | ||
| 2. | Spojené státy a Izrael ve stře... | 1 | ||
| 3. | Americká kapela žaluje návrhář... | 1 | ||
| 4. | Dva zaměstnanci telekomunikačn... | 0.5 | ||
| 5. | První turnaj ženské tenisové a... | 0 | ||
| 6. | Věříme tomu, že nemálo z Vás v... | 0 | ||
| 7. | Poznáte podle fotky toto šumav... | 0 | ||
| 8. | Ve kterém městě najdeme toto k... | 1 | ||
| 9. | Ve spolkové zemi Salcbursko se... | 0 | ||
| 10. | Která dvě česká slova jsou nap... | 1 |